Energy balances of non-OECD countries 2000-2001

Na minha lista:
Detalhes bibliográficos
Autor Corporativo: OECD. International Energy Agency
Formato: Livro
Idioma:inglês
francês
Publicado em: Paris OECD/IEA 2003
Colecção:IEA statistics
Assuntos:
Tags: Adicionar Tag
Sem tags, seja o primeiro a adicionar uma tag!

MARC

LEADER 00000nam a2200000 4500
001 0012115
005 20260119103100.4
020 |a 92-64-10217-5 
041 0 |a eng 
041 0 |a fre 
044 |a FR 
245 1 0 |a Energy balances of non-OECD countries 2000-2001 
264 1 |a Paris  |b OECD/IEA  |c 2003 
300 |a xiv, I.78, II.353 s. 
490 1 |a IEA statistics 
830 0 |a IEA statistics 
610 2 0 |a bilancia energetická 
610 2 0 |a energia 
610 2 0 |a energetika 
610 2 0 |a spotreba energie 
710 2 |a OECD. International Energy Agency